000 01125nam a22003257a 4500
003 CHAP
005 20220817044419.0
008 110120s2010 mx rs o00010 spa d
010 _a100298
011 _a101270
020 _a9786074940992
035 _a111957
040 _cCHAP
082 0 4 _a331.1021
_bIn31
110 1 _aInstituto Nacional de Estadística y Geografía. México
245 1 0 _aMódulo de educación, capacitación y empleo MECE 2009
_c/por Instituto Nacional de Estadística y Geografía
260 _aAguascalientes, Ags. :
_bINEGI,
_cc2010
300 _a198 p. :
_bcuadros
590 _aBATCH-UPD
_b10
_c20130110
_lUCH01
_h1554
590 _aBATCH-UPD
_b10
_c20130410
_lUCH01
_h0952
590 _aBATCH-UPD
_b10
_c20130914
_lUCH01
_h1239
590 _aCONVERSION
_b10
_c20130109
_lUCH01
_h1355
650 1 4 _aEducación
_xMéxico.
_935466
650 1 4 _aEmpleo
_zMéxico.
_936587
650 1 4 _aEncuestas.
_936846
710 0 _aMéxico. Secretaría del Trabajo y Previsión Social.
_977232
901 _aBK
942 _cLIBRO
949 _a331.1021 In31
_bBC
_cINEGI
_d33724002229991
_eINEGI
_h14062
_i111957
_sb
999 _c100298
_d100298